Technický naučný slovník

Na minha lista:
Detalhes bibliográficos
Autor principal: Korbář, Tomáš
Outros Autores: Stránsky, A.
Formato: Livro
Idioma:tcheco
Publicado em: Praha Státní nakladatelství technické literatury 1962
Tags: Adicionar Tag
Sem tags, seja o primeiro a adicionar uma tag!

MARC

LEADER 00000nam a2200000 4500
001 c123189
005 20041019155227.6
041 0 |a cze 
044 |a CZ 
245 1 0 |a Technický naučný slovník  |c Tomáš Korbář, A. Stránsky 
264 1 |a Praha  |b Státní nakladatelství technické literatury  |c 1962 
300 |a 671 s. 
100 1 |a Korbář, Tomáš 
700 1 |a Stránsky, A.